| 000 | 00439cam a22001451 4500 | ||
|---|---|---|---|
| 082 |
_a823 _bBUT _cL-29, P-16 |
||
| 100 | 1 |
_aButler, Samuel, _945969 |
|
| 245 | 1 | 0 |
_aErewhon, or Over the range. _cBy Samuel Butler. Introd. by Lewis Mumford. 2d rev. ed. |
| 260 |
_aModern Library, _c1961. |
||
| 300 |
_a192 p. _bill, _c14 CM |
||
| 526 |
_a0 _b0 _c0 _d823_000000000000000_BUT |
||
| 650 | 0 |
_aMCE _9379 |
|
| 650 | 0 |
_aUtopias. _946553 |
|
| 942 |
_2ddc _cBK |
||
| 999 |
_c549866 _d549866 |
||